<?xml version="1.0" encoding="UTF-8"?>
<record
    xmlns:xsi="http://www.w3.org/2001/XMLSchema-instance"
    xsi:schemaLocation="http://www.loc.gov/MARC21/slim http://www.loc.gov/standards/marcxml/schema/MARC21slim.xsd"
    xmlns="http://www.loc.gov/MARC21/slim">

  <leader>00529nam a2200169 b 4500</leader>
  <controlfield tag="003">3228</controlfield>
  <controlfield tag="005">20260128092010.0</controlfield>
  <controlfield tag="008">210825s9999    xx            000 0 und d</controlfield>
  <datafield tag="020" ind1=" " ind2=" ">
    <subfield code="a">9780745172296</subfield>
    <subfield code="c">Hardcover (hbk)</subfield>
  </datafield>
  <datafield tag="040" ind1=" " ind2=" ">
    <subfield code="a">MPL</subfield>
    <subfield code="c">3228</subfield>
  </datafield>
  <datafield tag="082" ind1=" " ind2="0">
    <subfield code="a">920 ARM</subfield>
  </datafield>
  <datafield tag="100" ind1=" " ind2=" ">
    <subfield code="a">Odell, Robin</subfield>
    <subfield code="9">198399</subfield>
  </datafield>
  <datafield tag="245" ind1=" " ind2="0">
    <subfield code="a">Exhumation of a murder: the life and trial of Major Armstrong/</subfield>
    <subfield code="c">Robin Odell.</subfield>
  </datafield>
  <datafield tag="260" ind1=" " ind2=" ">
    <subfield code="a">London:</subfield>
    <subfield code="b">Chivers Press;</subfield>
    <subfield code="c">1988.</subfield>
  </datafield>
  <datafield tag="650" ind1=" " ind2=" ">
    <subfield code="v">Trials (Murder)</subfield>
    <subfield code="x">Armstrong, Herbert, 1869- 1922 (Murder)</subfield>
  </datafield>
  <datafield tag="942" ind1=" " ind2=" ">
    <subfield code="c">BOOK</subfield>
    <subfield code="2">ddc</subfield>
    <subfield code="y">367</subfield>
    <subfield code="z">Ellen Msibi</subfield>
  </datafield>
  <datafield tag="999" ind1=" " ind2=" ">
    <subfield code="c">514107</subfield>
    <subfield code="d">514108</subfield>
  </datafield>
  <datafield tag="952" ind1=" " ind2=" ">
    <subfield code="0">0</subfield>
    <subfield code="1">0</subfield>
    <subfield code="4">0</subfield>
    <subfield code="7">0</subfield>
    <subfield code="a">PIETL</subfield>
    <subfield code="b">PIETL</subfield>
    <subfield code="d">2021-08-25</subfield>
    <subfield code="g">59.50</subfield>
    <subfield code="l">0</subfield>
    <subfield code="p">33228011707286</subfield>
    <subfield code="r">2021-08-25</subfield>
    <subfield code="w">2021-08-25</subfield>
    <subfield code="y">BK</subfield>
  </datafield>
  <datafield tag="952" ind1=" " ind2=" ">
    <subfield code="0">0</subfield>
    <subfield code="1">0</subfield>
    <subfield code="2">ddc</subfield>
    <subfield code="4">0</subfield>
    <subfield code="7">0</subfield>
    <subfield code="8">900</subfield>
    <subfield code="a">SECL</subfield>
    <subfield code="b">SECL</subfield>
    <subfield code="c">Non_Fiction</subfield>
    <subfield code="d">2026-01-27</subfield>
    <subfield code="o">LP 920 ARM</subfield>
    <subfield code="p">33228017502384</subfield>
    <subfield code="r">2026-01-27</subfield>
    <subfield code="w">2026-01-27</subfield>
    <subfield code="y">BOOK</subfield>
    <subfield code="z">Large Print</subfield>
  </datafield>
</record>
